000 01129nam a2200313 i 4500
005 20210727153347.0
008 300320s2009 sp a gr 000 0 spa d
020 _a9788434225114
040 _aCO-BoRNBP
_bspa
_cCO-BoRNBP
_erda
041 0 _aspa
082 0 4 _a388
_bN67t
_223
100 1 _aNos Aguilá, Oriol,
_eautor
245 1 0 _aTransportes y comunicación
_cOriol Nos Aguilá ; editor Jesús Araújo ; fotografías Nos & Soto, Corel, Corbis
250 _aQuinta edición
264 1 _aBarcelona
_bParramón
_c2009
300 _a48 páginas
_bilustraciones a color
_c28 cm
336 _atexto
_btxt
_2rdacontent
337 _asin mediación
_bn
_2rdamedia
338 _avolumen
_bnc
_2rdacarrier
490 0 _aPequeño ingeniero
500 _aIncluye glosario
505 1 _aPrácticas de transportes -- Prácticas de comunicación -- Orientaciones didácticas
650 1 7 _aTransporte
_xExperimentos
_2ARMARC
650 1 7 _aComunicaciones
_xExperimentos
_2ARMARC
650 1 7 _aTransporte
_xClasificación
_2LEMB
650 1 7 _aComunicación
_xClasificación
_2ARMARC
700 1 _aAraujo, Jesús,
_eeditor
942 _2ddc
_cBK
999 _c6713
_d6713